<?xml version="1.0" encoding="UTF-8"?>
<record
    xmlns:xsi="http://www.w3.org/2001/XMLSchema-instance"
    xsi:schemaLocation="http://www.loc.gov/MARC21/slim http://www.loc.gov/standards/marcxml/schema/MARC21slim.xsd"
    xmlns="http://www.loc.gov/MARC21/slim">

  <leader>04599namaa2200805 a 4500</leader>
  <controlfield tag="008">220826e2007    ag a||||r|||| 001 0 spa d</controlfield>
  <datafield tag="020" ind1=" " ind2=" ">
    <subfield code="a">9500602520</subfield>
  </datafield>
  <datafield tag="041" ind1=" " ind2=" ">
    <subfield code="a">spa</subfield>
  </datafield>
  <datafield tag="092" ind1=" " ind2=" ">
    <subfield code="c">618.19 </subfield>
    <subfield code="l">7</subfield>
    <subfield code="s">BLA</subfield>
  </datafield>
  <datafield tag="245" ind1="3" ind2=" ">
    <subfield code="a">La mama. Manejo multidisciplinario de las enfermedades benignas y malignas.</subfield>
    <subfield code="b">T.2 /</subfield>
    <subfield code="c">Kirby I. Bland</subfield>
  </datafield>
  <datafield tag="250" ind1=" " ind2=" ">
    <subfield code="a">3a ed. </subfield>
    <subfield code="b">Traducci&#xF3;n Silvia Rondinone ; Patricia Arce ; Silvia Cwi ; Adriana Latr&#xF3;nico ; Velia Lobbe ; Gustavo Mezzano ; Ubaldo Patrone y Karina Tzal</subfield>
  </datafield>
  <datafield tag="260" ind1=" " ind2=" ">
    <subfield code="a">Buenos Aires:</subfield>
    <subfield code="b">Editorial M&#xE9;dica Panamericana;</subfield>
    <subfield code="c">2007.</subfield>
  </datafield>
  <datafield tag="300" ind1=" " ind2=" ">
    <subfield code="a">881-1719 p.</subfield>
    <subfield code="b">28x20cm</subfield>
  </datafield>
  <datafield tag="500" ind1=" " ind2=" ">
    <subfield code="a">Bland, K. I. (Dir). et al. (2007). La mama. Manejo multidisciplinario de las enfermedades benignas y malignas. T.2 (3a ed.). Buenos Aires : Editorial M&#xE9;dica Panamericana.</subfield>
  </datafield>
  <datafield tag="653" ind1=" " ind2=" ">
    <subfield code="a">Mastectom&#xED;a radical de Halsted</subfield>
  </datafield>
  <datafield tag="653" ind1=" " ind2=" ">
    <subfield code="a">Mastectom&#xED;a radical modificada y mastectom&#xED;a simple total</subfield>
  </datafield>
  <datafield tag="653" ind1=" " ind2=" ">
    <subfield code="a">Tratamiento con conservaci&#xF3;n mamaria del c&#xE1;ncer de mama invasor</subfield>
  </datafield>
  <datafield tag="653" ind1=" " ind2=" ">
    <subfield code="a">Reconstrucci&#xF3;n mamaria despu&#xE9;s de la mastectom&#xED;a</subfield>
  </datafield>
  <datafield tag="653" ind1=" " ind2=" ">
    <subfield code="a">Macromastia y mastoplastia reductora</subfield>
  </datafield>
  <datafield tag="653" ind1=" " ind2=" ">
    <subfield code="a">Cuidados de la herida y complicaciones de la mastectom&#xED;a</subfield>
  </datafield>
  <datafield tag="653" ind1=" " ind2=" ">
    <subfield code="a">Linfedema en la paciente sometida a mastectom&#xED;a: fisiopatolog&#xED;a, prevenci&#xF3; y tratamiento</subfield>
  </datafield>
  <datafield tag="653" ind1=" " ind2=" ">
    <subfield code="a">Biolog&#xED;a y conducta terap&#xE9;utica del carcinoma lobulillar in situ de la mama</subfield>
  </datafield>
  <datafield tag="653" ind1=" " ind2=" ">
    <subfield code="a">Carcinoma ductal in situ : controversias diagn&#xF3;sticas y terap&#xE9;uticas</subfield>
  </datafield>
  <datafield tag="653" ind1=" " ind2=" ">
    <subfield code="a">Valor terap&#xE9;utico de la extirpaci&#xF3;n de ganglios axilares</subfield>
  </datafield>
  <datafield tag="653" ind1=" " ind2=" ">
    <subfield code="a">Tratamiento selectivo de la axila en los carcinomas ductuales de mama m&#xED;nimamente invasor e invasor peque&#xF1;o</subfield>
  </datafield>
  <datafield tag="653" ind1=" " ind2=" ">
    <subfield code="a">Mapeo linf&#xE1;tico y biopsia del ganglio centinela para el canc&#xE9;r de mama</subfield>
  </datafield>
  <datafield tag="653" ind1=" " ind2=" ">
    <subfield code="a">Detecci&#xF3;n e importancia de las micromet&#xE1;stasis en los ganglios linf&#xE1;ticos axilares</subfield>
  </datafield>
  <datafield tag="653" ind1=" " ind2=" ">
    <subfield code="a">Evaluaci&#xF3;n intraoperatoria de los m&#xE1;rgenes quir&#xFA;rgicos en el tratamiento conservador de la mama</subfield>
  </datafield>
  <datafield tag="653" ind1=" " ind2=" ">
    <subfield code="a">Tratamiento quir&#xFA;rgico del c&#xE1;ncer de mama "temprano"</subfield>
  </datafield>
  <datafield tag="653" ind1=" " ind2=" ">
    <subfield code="a">Ablaci&#xF3;n guiada por im&#xE1;genes de los tumores de mama</subfield>
  </datafield>
  <datafield tag="653" ind1=" " ind2=" ">
    <subfield code="a">T&#xE9;cnicas de radioterapia</subfield>
  </datafield>
  <datafield tag="653" ind1=" " ind2=" ">
    <subfield code="a">Radioterapia para la enfermedad avanzada en forma local</subfield>
  </datafield>
  <datafield tag="653" ind1=" " ind2=" ">
    <subfield code="a">Radioterapia y carcinoma ductual in situ</subfield>
  </datafield>
  <datafield tag="653" ind1=" " ind2=" ">
    <subfield code="a">Radioterapia y g&#xE1;nglios linf&#xE1;ticos regionales</subfield>
  </datafield>
  <datafield tag="653" ind1=" " ind2=" ">
    <subfield code="a">Radioterapia postmastectom&#xED;a</subfield>
  </datafield>
  <datafield tag="653" ind1=" " ind2=" ">
    <subfield code="a">Tratamiento con conservaci&#xF3;n de la mama para el c&#xE1;ncer invasor en estadio temprano</subfield>
  </datafield>
  <datafield tag="653" ind1=" " ind2=" ">
    <subfield code="a">Terapia sist&#xE9;mica adyuvante del c&#xE1;ncer de mama</subfield>
  </datafield>
  <datafield tag="653" ind1=" " ind2=" ">
    <subfield code="a">Procedimientos quir&#xFA;rgicos en el c&#xE1;ncer de mama localmente avanzado y regional </subfield>
  </datafield>
  <datafield tag="653" ind1=" " ind2=" ">
    <subfield code="a">Linfadenectom&#xED;a de nivel I</subfield>
  </datafield>
  <datafield tag="653" ind1=" " ind2=" ">
    <subfield code="a">Radioterapia en el fracaso locorregional</subfield>
  </datafield>
  <datafield tag="653" ind1=" " ind2=" ">
    <subfield code="a">C&#xE1;ncer de mama localmente avanzado: papel de la oncolog&#xED;a m&#xE9;dica</subfield>
  </datafield>
  <datafield tag="653" ind1=" " ind2=" ">
    <subfield code="a">Detecci&#xF3;n e implicaciones cl&#xED;nicas de la enfermedad micrometast&#xE1;sica sistemica oculta</subfield>
  </datafield>
  <datafield tag="653" ind1=" " ind2=" ">
    <subfield code="a">Radioterapia paliativa</subfield>
  </datafield>
  <datafield tag="653" ind1=" " ind2=" ">
    <subfield code="a">Quimioterapia para el c&#xE1;ncer de mama metast&#xE1;sico</subfield>
  </datafield>
  <datafield tag="653" ind1=" " ind2=" ">
    <subfield code="a">Terapia hormonal para el c&#xE1;ncer de mama </subfield>
  </datafield>
  <datafield tag="653" ind1=" " ind2=" ">
    <subfield code="a">Diagn&#xF3;stico y tratamiento de las met&#xE1;stasis pleurales en el c&#xE1;ncer de mama</subfield>
  </datafield>
  <datafield tag="653" ind1=" " ind2=" ">
    <subfield code="a">Conducta m&#xE9;dica frente a las met&#xE1;stasis del c&#xE1;ncer de mama en el sistema nervioso central </subfield>
  </datafield>
  <datafield tag="653" ind1=" " ind2=" ">
    <subfield code="a">Tratamiento de las met&#xE1;stasis peric&#xE1;rdias en el c&#xE1;ncer de mama</subfield>
  </datafield>
  <datafield tag="653" ind1=" " ind2=" ">
    <subfield code="a">C&#xE1;ncer de mama bilateral </subfield>
  </datafield>
  <datafield tag="653" ind1=" " ind2=" ">
    <subfield code="a">C&#xE1;ncer de mama en el var&#xF3;n </subfield>
  </datafield>
  <datafield tag="653" ind1=" " ind2=" ">
    <subfield code="a">Recidiva local, la mama con implantes y seno contralateral</subfield>
  </datafield>
  <datafield tag="653" ind1=" " ind2=" ">
    <subfield code="a">Carcinoma de mama en el embarazo y la lactancia</subfield>
  </datafield>
  <datafield tag="653" ind1=" " ind2=" ">
    <subfield code="a">Linfadenipat&#xED;a  axilar con tumor primario desconocido</subfield>
  </datafield>
  <datafield tag="653" ind1=" " ind2=" ">
    <subfield code="a">Manejo de la paciente de alto riesgo</subfield>
  </datafield>
  <datafield tag="653" ind1=" " ind2=" ">
    <subfield code="a">Consideraciones generales del seguimiento</subfield>
  </datafield>
  <datafield tag="653" ind1=" " ind2=" ">
    <subfield code="a">Terapia hormonal en la menopausia: beneficios, riesgos y alternativas</subfield>
  </datafield>
  <datafield tag="653" ind1=" " ind2=" ">
    <subfield code="a">Rehabilitaci&#xF3;n </subfield>
  </datafield>
  <datafield tag="653" ind1=" " ind2=" ">
    <subfield code="a">Consecuencias psicosociales del c&#xE1;ncer de mama</subfield>
  </datafield>
  <datafield tag="653" ind1=" " ind2=" ">
    <subfield code="a">Intervenciones psicosociales digiridas a las pacientes con c&#xE1;ncer de mama</subfield>
  </datafield>
  <datafield tag="653" ind1=" " ind2=" ">
    <subfield code="a">Recursos informativos para la paciente y su familia</subfield>
  </datafield>
  <datafield tag="653" ind1=" " ind2=" ">
    <subfield code="a">Aspectos legales en las enfermedades de la mama</subfield>
  </datafield>
  <datafield tag="653" ind1=" " ind2=" ">
    <subfield code="a">Retraso en el diagn&#xF3;stico del c&#xE1;ncer de mama sintom&#xE1;tico</subfield>
  </datafield>
  <datafield tag="700" ind1="1" ind2=" ">
    <subfield code="a">Bland, Kirby I.</subfield>
    <subfield code="e">Dir.</subfield>
    <subfield code="9">4166</subfield>
  </datafield>
  <datafield tag="700" ind1="1" ind2=" ">
    <subfield code="a">Copeland III, Edward M.</subfield>
    <subfield code="e">Dir.</subfield>
    <subfield code="9">4167</subfield>
  </datafield>
  <datafield tag="700" ind1="1" ind2=" ">
    <subfield code="a">Davidson, Nancy E.</subfield>
    <subfield code="e">Dir. asoc.</subfield>
    <subfield code="9">4168</subfield>
  </datafield>
  <datafield tag="700" ind1="1" ind2=" ">
    <subfield code="a">Page, David L.</subfield>
    <subfield code="e">Dir. asoc.</subfield>
    <subfield code="9">4169</subfield>
  </datafield>
  <datafield tag="700" ind1="1" ind2=" ">
    <subfield code="a">Recht, Abram</subfield>
    <subfield code="e">Dir. asoc.</subfield>
    <subfield code="9">4170</subfield>
  </datafield>
  <datafield tag="700" ind1="1" ind2=" ">
    <subfield code="a">Urist, Marshall M.</subfield>
    <subfield code="e">Dir. asoc.</subfield>
    <subfield code="9">4171</subfield>
  </datafield>
  <datafield tag="942" ind1=" " ind2=" ">
    <subfield code="2">ddc</subfield>
    <subfield code="c">BK</subfield>
  </datafield>
  <datafield tag="999" ind1=" " ind2=" ">
    <subfield code="c">3140</subfield>
    <subfield code="d">3140</subfield>
  </datafield>
  <datafield tag="952" ind1=" " ind2=" ">
    <subfield code="0">0</subfield>
    <subfield code="1">0</subfield>
    <subfield code="2">ddc</subfield>
    <subfield code="4">0</subfield>
    <subfield code="7">0</subfield>
    <subfield code="a">BFM</subfield>
    <subfield code="b">BFM</subfield>
    <subfield code="d">2022-08-29</subfield>
    <subfield code="e">Donaci&#xF3;n de Leonardo Orellana Kittsteiner, agosto 2022</subfield>
    <subfield code="l">0</subfield>
    <subfield code="o">618.19 7 BLA</subfield>
    <subfield code="p">4780</subfield>
    <subfield code="r">2022-08-29</subfield>
    <subfield code="t">Ej. 2</subfield>
    <subfield code="w">2022-08-29</subfield>
    <subfield code="y">BK</subfield>
    <subfield code="z">Donaci&#xF3;n de Leonardo Orellana Kittsteiner, agosto 2022.</subfield>
    <subfield code="f"></subfield>
  </datafield>
</record>
